Two studies in the semantics of the verb in classical Greek /
The first part of this volume offers an analysis of the use and distribution of the perfect in the classical period of ancient Greek, based on the complete relevant material in Aeschylus, Sophocles, Euripides (tragic poetry), Aristophanes (comic poetry), Thucydides, Xenophon's Anabasis (histori...
المؤلف الرئيسي:
مؤلفون آخرون:
التنسيق: كتاب الكتروني
اللغة:
English
Ancient Greek
منشور في:
New York :
E.J. Brill,
1996.
سلاسل:
Mnemosyne, Supplements
160.
Mnemosyne Supplements Online, Volumes 1-203, ISBN: 9789004381049.
الموضوعات:
الوصول للمادة أونلاين: Login to view Source
الوسوم: إضافة وسم
رقم الطلب: PA427 .S53 1996
| LEADER | 03448cam a2200541Ii 4500 | ||
|---|---|---|---|
| 001 | BRILL9789004329867 | ||
| 003 | nllekb | ||
| 005 | 20230529210654.0 | ||
| 006 | m d | ||
| 007 | cr un uuuua | ||
| 008 | 960415s1996 nyu sb 001 0 eng d | ||
| 010 | |a 96018306 | ||
| 020 | |a 9789004329867 |q (electronic book) | ||
| 020 | |z 9789004104600 |q (print) | ||
| 024 | 7 | |a 10.1163/9789004329867 |2 DOI | |
| 035 | |a (OCoLC)34623931 | ||
| 040 | |a NL-LeKB |c NL-LeKB |e rda | ||
| 041 | 0 | |a eng |a grc | |
| 050 | 4 | |a PA427 |b .S53 1996 | |
| 072 | 7 | |a DSBB |2 bicssc | |
| 072 | 7 | |a LIT011000 |2 bisacsh | |
| 082 | 0 | 4 | |a 485 |2 20 |
| 100 | 1 | |a Sicking, C. M. J. | |
| 245 | 1 | 0 | |a Two studies in the semantics of the verb in classical Greek / |c C.M.J Sicking and P. Stork. |
| 264 | 1 | |a New York : |b E.J. Brill, |c 1996. | |
| 300 | |a 1 online resource (xii, 308 pages) | ||
| 336 | |a text |b txt |2 rdacontent | ||
| 337 | |a computer |b c |2 rdamedia | ||
| 338 | |a online resource |2 rdacarrier | ||
| 490 | 1 | |a Mnemosyne, bibliotheca classica Batava. Supplementum, |x 0169-8958 ; |v 160 | |
| 504 | |a Includes bibliographical references and index. | ||
| 505 | 0 | 0 | |a Preliminary Material -- Preface -- Hettrich's 'Rule' -- Postposed Subclauses and Participles -- Preliminary Conclusion -- A Basic Value for AS Versus PS -- Larger Stretches of Narrative -- Final Conclusion -- Observations on Other Construction Types -- Preface -- Note on Terminology -- The Problem -- Perfect and Middle Voice -- Four Types of Situations -- Different Types of Perfect? -- Productivity, Use and Distribution of Different Categories of Perfect -- The Distribution of the Perfect Forms -- Index of perfect Forms -- Select Bibliography -- Index Locorum. |
| 506 | |a Available to subscribing member institutions only. | ||
| 520 | |a The first part of this volume offers an analysis of the use and distribution of the perfect in the classical period of ancient Greek, based on the complete relevant material in Aeschylus, Sophocles, Euripides (tragic poetry), Aristophanes (comic poetry), Thucydides, Xenophon's Anabasis (historical prose), Lysias (rhetorical prose) and Xenophon's Opuscula (various prose types). The material is made accessible by several indices. In the second part insights gained in the field of discourse analysis are applied to the description of the contrast between aorist and present verb forms. The author has endeavoured to provide an explicit account of the actual functioning of these verb forms in their contexts . Special care has been given to reducing technical jargon in the interest of those who feel themselves classicists rather than professional linguists. | ||
| 546 | |a English and Greek. | ||
| 559 | 4 | |a PA427 .S53 1996 | |
| 650 | 0 | |a Greek language |x Semantics. | |
| 650 | 0 | |a Greek language |x Verb. | |
| 650 | 7 | |a Greek language |x Semantics. |2 fast | |
| 650 | 7 | |a Greek language |x Verb. |2 fast | |
| 700 | 1 | |a Stork, Peter. | |
| 776 | 0 | 8 | |i Online version: |a Sicking, C.M.J. |t Two studies in the semantics of the verb in classical Greek. |d New York : E.J. Brill, 1996 |w (OCoLC)604758061 |
| 830 | 0 | |a Mnemosyne, Supplements |v 160. | |
| 830 | 0 | |a Mnemosyne Supplements Online, Volumes 1-203, ISBN: 9789004381049. | |
| 856 | 4 | |z DOI: |u http://dx.doi.org/10.1163/9789004329867 | |
| 942 | |2 lcc |c EBOOK | ||
| 952 | |0 0 |1 0 |2 lcc |4 0 |6 PA0427 S53 01996 |7 1 |9 48017 |a BRILL |b BRILL |d 2023-05-29 |l 0 |o PA427 .S53 1996 |r 2023-05-29 00:00:00 |w 2023-05-29 |y EBOOK | ||
| 999 | |c 53361 |d 53361 | ||
